| 000 | 00626nam a2200181 i 4500 | ||
|---|---|---|---|
| 001 | 141622 | ||
| 003 | ES-MaACL | ||
| 005 | 20230906200331.0 | ||
| 007 | t| | ||
| 008 | 070926s1969 sp ||||1| spa d | ||
| 100 | 1 |
_aVilloria, Enrique. _9115272 |
|
| 245 | 1 | 3 |
_aEl poder que no se ejerce _b: los consumidores / _cEnrique Villoria. |
| 260 |
_a[Madrid : _bDelegación Nacional de Asociaciones del Movimiento, _c1969] |
||
| 300 |
_a163 p. : _bil. ; _c21 cm. |
||
| 650 | 1 | 4 |
_aConsumidores- _zEspaña. _911299 |
| 710 | 1 |
_aMovimiento Nacional (España). _bDelegación Nacional de Asociaciones. _95779 |
|
| 852 |
_aES-MaACL _jC-36786 |
||
| 999 |
_c141622 _d141622 |
||